| 000 | 00916nam a2200289 i 4500 | ||
|---|---|---|---|
| 003 | EG-GICUC | ||
| 005 | 20260413131602.0 | ||
| 008 | 260413s2024 As o|||| |||| 00| 0 eng d | ||
| 040 |
_aEG-GiCUC _beng _cEG-GiCUC _dEG-GiCUC _erda |
||
| 082 | 0 | 4 |
_221 _a343.81054 _bCO . P |
| 092 | 0 | 4 | _221 |
| 099 | _aLaw1 10 343.81054 CO . P 2024 | ||
| 100 | 1 |
_aCox, Sir Edmund C _eAuthor. |
|
| 245 | 1 | 0 |
_aPolice and Crime in India / _cBy Sir Edmund C. Cox. |
| 264 | 1 |
_aLondon : _bStanley Paul & Co, _c2024. |
|
| 300 |
_a338 pages : _bPhotographs, _c24 cm. |
||
| 336 |
_2rda content _atext |
||
| 337 |
_2rda media _aComputer |
||
| 338 |
_2rda carrier _aOnline Resource |
||
| 546 | _aText in English | ||
| 650 | 1 |
_aScientific Police Investigation _yIndia _2qrmak |
|
| 650 | 1 |
_aCriminal Law _2qrmak |
|
| 651 | 1 | _2qrmak | |
| 856 | 4 | 0 | _uhttps://fll.law.cu.edu.eg/fulltext/bks/B10-08621.pdf |
| 905 | _a54 | ||
| 942 |
_2ddc _cBK _e21 _n0 |
||
| 999 |
_c70517 _d70517 |
||